CRENULATION CLEAVAGE FROM THE LOW GRADE METAMORPHITES OF THE LESSER GARHWAL HIMALAYA, INDIA

Bibliographic Details
Main Authors: Sahai, Atul (Author), Srivastava, H. B. (Author)
Format: Article
Language:English

MARC

LEADER 00000nab a2200000ua 4500
001 vtls010847519
003 SK-MaSNL
005 20260303173229.0
008 230218s1992 xo |||||||||||||||||eng|
035 |a (urnnbn)urn:nbn:sk:snk:ar-a0772p 
035 |a urn:nbn:sk:snk-ab68nv 
035 |a (uuid)ca377667-f4b1-4c94-977d-60766e43b6a0 
040 |a SNKBUCL  |b slo  |c SNKBUCL  |e AACR2 
041 0 |a eng 
044 |a xo  |c SK 
100 1 |a Sahai, Atul  |4 aut  |9 1199139 
245 1 0 |a CRENULATION CLEAVAGE FROM THE LOW GRADE METAMORPHITES OF THE LESSER GARHWAL HIMALAYA, INDIA  |c Atul Sahai, H. B. Srivastava 
700 1 |a Srivastava, H. B.  |4 aut  |9 1199140 
773 0 |t Geologica Carpathica : international geological journal  |g Roč. 43, č. 3 (1992), s. [131]-138 
958 |a OND 
958 |a EUIPO 
958 |a article5 
999 |c 2091695  |d 2093625